Normal view MARC view
  • The All India ReporterLtd.

Entry Corporate Name

Number of records used in: 2

001 - CONTROL NUMBER

  • control field: 5743

003 - CONTROL NUMBER IDENTIFIER

  • control field: OSt

005 - DATE AND TIME OF LATEST TRANSACTION

  • control field: 20200523144531.0

008 - FIXED-LENGTH DATA ELEMENTS

  • fixed length control field: 200523|| aca||aabn | a|a d

040 ## - CATALOGING SOURCE

  • Original cataloging agency: OSt
  • Transcribing agency: OSt

110 ## - HEADING--CORPORATE NAME

  • Corporate name or jurisdiction name as entry element: The All India ReporterLtd.

670 ## - SOURCE DATA FOUND

  • Source citation: Work cat.: (OSt): The All India ReporterLtd., The All India Reporter 1963 (VOL-50) ASSAM Section